Tourism and poverty alleviation
Αποθηκεύτηκε σε:
| Συγγραφή απο Οργανισμό/Αρχή: | |
|---|---|
| Μορφή: | Βιβλίο |
| Γλώσσα: | English |
| Δημοσίευση: |
Madrid, Spain :
World Tourism Organization,
c2002
|
| Θέματα: | |
| Ετικέτες: |
Προσθήκη ετικέτας
Δεν υπάρχουν, Καταχωρήστε ετικέτα πρώτοι!
|
MARC
| LEADER | 00000cam a2200000 i 4500 | ||
|---|---|---|---|
| 001 | 1/70980 | ||
| 008 | 050203s2002 eng d | ||
| 020 | |a 92-844-0549-1 | ||
| 035 | |l 10076392 | ||
| 040 | |a GR-MY-UA |b gre |e aacr | ||
| 041 | 0 | |a eng | |
| 082 | 0 | |a 338.4791 | |
| 110 | 2 | |a World Tourism Organization. | |
| 245 | 1 | 0 | |a Tourism and poverty alleviation / |c World Tourism Organization |
| 260 | |a Madrid, Spain : |b World Tourism Organization, |c c2002 | ||
| 300 | |a 115 σ.; |b πίν.; |c 29 εκ. | ||
| 500 | |a Sustainable tourism can be one of the few development opportunities for the poor. Let us use it wisely and soon! | ||
| 504 | |a Περιλαμβάνει βιβλιογραφικές αναφορές | ||
| 650 | 0 | 0 | |a Tourism |z Developing countries. |
| 650 | 0 | 0 | |a Tourism |x Social aspects |z Developing countries. |
| 650 | 0 | 0 | |a Tourism |z Developing countries |x Case studies. |
| 852 | |a INST |b CHIOS |e 20050203 |h 338.4791 WOR |p 005200022346 |q 005200022346 |t BK |y 0 | ||
| 901 | |a BIBL2-2005-1 | ||
| 909 | |a Χ |b 112584 | ||
| 970 | |a ΣΑΛΑΜΟΥΡΑ |b ΜΑΡΙΑ |z 2005/02/03 | ||